000 00537cam a2200205 4500
001 J102876
008 000000n1999 000 0 eng u
035 _a(Sirsi) u102878
041 _aeng
050 _a333.33709421
110 _aCluttons
_92064
245 _aSt James's update 1999. May - August. & September - December 1999
260 _aLondon
_bCluttons
_c1999
300 _a2pt. ; 30cm.
650 _aLONDON
650 _aST JAMES'S
650 _aOFFICE PROPERTY
690 _aPROPERTY-COMMERCIAL PROPERTY
942 _n0
999 _c100072
_d100072